000 00633nam a22001937a 4500
003 BUBTL
008 190424b xxu||||| |||| 00| 0 eng d
020 _a984-18-0148-5
082 _a891.443 / IBN
100 _92290
_aইবসেন,হেনরিক
245 _aনোরা /
_cহেনরিক ইবসেন
250 _a1st ed.
260 _aঢাকা :
_bবিশ্ব সাহিত্য কেন্দ্র,
_cc1996
300 _a96 p. :
_c18 cm.
650 0 _91699
_aবাংলা সাহিত্য
856 _k0
_l0
_yDownload
942 _2ddc
_cBK
999 _c5987
_d5987